[Event "April 9 Early 2024"]
[Site "Chess.com"]
[Date "2024.04.09"]
[Round "4"]
[White "Antunez Soler, Luis"]
[Black "Silva, Luca"]
[Result "1/2-1/2"]
[Board "113"]
[WhiteFideId "3513335"]
[BlackFideId "147370"]
[WhiteTitle "CM"]
[BlackTitle "FM"]
[WhiteElo "2666"]
[BlackElo "2503"]
[WhiteTeam "CUB"]
[BlackTeam "ARG"]
[WhiteClock "0:00:10"]
[BlackClock "0:00:07"]
[Variant "Standard"]

1. e4 {[%clk 0:03:00]}  c6 {[%clk 0:02:53]} 2. d4 {[%clk 0:03:00]}  d5 {[%clk 0:02:54]} 3. Nc3 {[%clk 0:03:01]}  dxe4 {[%clk 0:02:54]} 4. Nxe4 {[%clk 0:03:02]}  Nf6 {[%clk 0:02:54]} 5. Nxf6+ {[%clk 0:03:02]}  exf6 {[%clk 0:02:55]} 6. c3 {[%clk 0:03:03]}  Bd6 {[%clk 0:02:55]} 7. Bd3 {[%clk 0:03:04]}  O-O {[%clk 0:02:55]} 8. Qc2 {[%clk 0:03:04]}  Re8+ {[%clk 0:02:55]} 9. Ne2 {[%clk 0:03:05]}  h5 {[%clk 0:02:56]} 10. Be3 {[%clk 0:03:05]}  Nd7 {[%clk 0:02:53]} 11. O-O-O {[%clk 0:03:06]}  Nf8 {[%clk 0:02:53]} 12. h3 {[%clk 0:03:07]}  Be6 {[%clk 0:02:51]} 13. g4 {[%clk 0:03:07]}  h4 {[%clk 0:02:47]} 14. Rhg1 {[%clk 0:03:07]}  Qd7 {[%clk 0:02:44]} 15. g5 {[%clk 0:03:00]}  f5 {[%clk 0:02:44]} 16. d5 {[%clk 0:03:00]}  cxd5 {[%clk 0:02:42]} 17. Nd4 {[%clk 0:03:01]}  g6 {[%clk 0:02:35]} 18. Bb5 {[%clk 0:03:00]}  Qe7 {[%clk 0:02:34]} 19. Bxe8 {[%clk 0:03:00]}  Rxe8 {[%clk 0:02:35]} 20. Rde1 {[%clk 0:02:43]}  Qd7 {[%clk 0:02:31]} 21. f4 {[%clk 0:02:39]}  b5 {[%clk 0:02:31]} 22. Kb1 {[%clk 0:02:37]}  b4 {[%clk 0:02:28]} 23. cxb4 {[%clk 0:02:27]}  Bxb4 {[%clk 0:02:29]} 24. Bd2 {[%clk 0:02:26]}  Rb8 {[%clk 0:02:21]} 25. Nc6 {[%clk 0:01:28]}  Rc8 {[%clk 0:02:02]} 26. Bxb4 {[%clk 0:01:28]}  Rxc6 {[%clk 0:02:01]} 27. Qd2 {[%clk 0:01:27]}  d4 {[%clk 0:01:56]} 28. Re5 {[%clk 0:01:24]}  Rc4 {[%clk 0:01:46]} 29. b3 {[%clk 0:01:17]}  Rc6 {[%clk 0:01:40]} 30. Rd1 {[%clk 0:01:12]}  Qb7 {[%clk 0:01:32]} 31. Qxd4 {[%clk 0:01:01]}  Nd7 {[%clk 0:01:09]} 32. Re3 {[%clk 0:00:34]}  Qb6 {[%clk 0:00:40]} 33. Qxb6 {[%clk 0:00:33]}  Rxb6 {[%clk 0:00:38]} 34. Bc3 {[%clk 0:00:29]}  Rb7 {[%clk 0:00:27]} 35. Kb2 {[%clk 0:00:30]}  Kf8 {[%clk 0:00:27]} 36. Be1 {[%clk 0:00:27]}  Ke8 {[%clk 0:00:21]} 37. Bxh4 {[%clk 0:00:27]}  Nb6 {[%clk 0:00:20]} 38. Red3 {[%clk 0:00:25]}  Nc4+ {[%clk 0:00:16]} 39. Ka1 {[%clk 0:00:24]}  Na3 {[%clk 0:00:15]} 40. R3d2 {[%clk 0:00:22]}  Nb5 {[%clk 0:00:14]} 41. Bf2 {[%clk 0:00:21]}  Nc3 {[%clk 0:00:15]} 42. Rc1 {[%clk 0:00:19]}  Ne4 {[%clk 0:00:14]} 43. Rdc2 {[%clk 0:00:19]}  Kd8 {[%clk 0:00:09]} 44. Bd4 {[%clk 0:00:19]}  Rd7 {[%clk 0:00:09]} 45. Be5 {[%clk 0:00:19]}  Rd3 {[%clk 0:00:04]} 46. h4 {[%clk 0:00:15]}  a5 {[%clk 0:00:04]} 47. Bc7+ {[%clk 0:00:13]}  Kd7 {[%clk 0:00:04]} 48. Bxa5 {[%clk 0:00:14]}  Rf3 {[%clk 0:00:01]} 49. Rc7+ {[%clk 0:00:13]}  Kd6 {[%clk 0:00:02]} 50. Ra7 {[%clk 0:00:10]}  Kd5 {[%clk 0:00:02]} 51. Bc7 {[%clk 0:00:10]}  Kd4 {[%clk 0:00:02]} 52. Bb6+ {[%clk 0:00:09]}  Kd3 {[%clk 0:00:03]} 53. Bc7 {[%clk 0:00:06]}  Kd2 {[%clk 0:00:03]} 54. Rh1 {[%clk 0:00:05]}  Nf2 {[%clk 0:00:03]} 55. Ba5+ {[%clk 0:00:05]}  Ke2 {[%clk 0:00:03]} 56. Rc7 {[%clk 0:00:06]}  Nxh1 {[%clk 0:00:03]} 57. Rc1 {[%clk 0:00:05]}  Rf1 {[%clk 0:00:03]} 58. Rxf1 {[%clk 0:00:04]}  Kxf1 {[%clk 0:00:04]} 59. b4 {[%clk 0:00:04]}  Nf2 {[%clk 0:00:04]} 60. b5 {[%clk 0:00:04]}  Ne4 {[%clk 0:00:05]} 61. b6 {[%clk 0:00:05]}  Nc5 {[%clk 0:00:05]} 62. Bb4 {[%clk 0:00:05]}  Nb7 {[%clk 0:00:05]} 63. a4 {[%clk 0:00:05]}  Ke2 {[%clk 0:00:05]} 64. a5 {[%clk 0:00:05]}  Bc4 {[%clk 0:00:06]} 65. Kb2 {[%clk 0:00:05]}  Ba6 {[%clk 0:00:06]} 66. Kc3 {[%clk 0:00:06]}  Ke3 {[%clk 0:00:06]} 67. Be7 {[%clk 0:00:04]}  Kxf4 {[%clk 0:00:06]} 68. Kd4 {[%clk 0:00:05]}  Kg4 {[%clk 0:00:06]} 69. Ke5 {[%clk 0:00:04]}  Kxh4 {[%clk 0:00:06]} 70. Kf6 {[%clk 0:00:04]}  f4 {[%clk 0:00:05]} 71. Bb4 {[%clk 0:00:04]}  f3 {[%clk 0:00:05]} 72. Be1+ {[%clk 0:00:04]}  Kg4 {[%clk 0:00:06]} 73. Bf2 {[%clk 0:00:05]}  Kf4 {[%clk 0:00:05]} 74. Be1 {[%clk 0:00:05]}  Ke3 {[%clk 0:00:05]} 75. Kxf7 {[%clk 0:00:05]}  f2 {[%clk 0:00:05]} 76. Bxf2+ {[%clk 0:00:05]}  Kxf2 {[%clk 0:00:06]} 77. Kxg6 {[%clk 0:00:06]}  Ke3 {[%clk 0:00:06]} 78. Kf6 {[%clk 0:00:07]}  Kd4 {[%clk 0:00:06]} 79. g6 {[%clk 0:00:07]}  Kc5 {[%clk 0:00:06]} 80. g7 {[%clk 0:00:06]}  Bc4 {[%clk 0:00:07]} 81. a6 {[%clk 0:00:07]}  Kxb6 {[%clk 0:00:06]} 82. axb7 {[%clk 0:00:08]}  Kxb7 {[%clk 0:00:07]} 83. Ke7 {[%clk 0:00:08]}  Kc6 {[%clk 0:00:06]} 84. Kf8 {[%clk 0:00:09]}  Bb3 {[%clk 0:00:07]} 85. g8=Q {[%clk 0:00:10]}  Bxg8 {[%clk 0:00:07]} 1/2-1/2

[Event "April 9 Early 2024"]
[Site "Chess.com"]
[Date "2024.04.09"]
[Round "4"]
[White "Marin Ferragut, Pau"]
[Black "Hasangatin, Ramil"]
[Result "1/2-1/2"]
[Board "114"]
[WhiteFideId "54716020"]
[BlackFideId "4122160"]
[WhiteTitle "CM"]
[BlackTitle "GM"]
[WhiteElo "2474"]
[BlackElo "2664"]
[WhiteTeam "ESP"]
[BlackTeam "RUS"]
[WhiteClock "0:00:04"]
[BlackClock "0:00:05"]
[Variant "Standard"]

1. d4 {[%clk 0:03:00]}  d6 {[%clk 0:02:59]} 2. c4 {[%clk 0:02:56]}  e5 {[%clk 0:02:59]} 3. Nf3 {[%clk 0:02:51]}  e4 {[%clk 0:02:59]} 4. Nfd2 {[%clk 0:02:51]}  f5 {[%clk 0:02:59]} 5. e3 {[%clk 0:02:51]}  Nf6 {[%clk 0:03:00]} 6. b4 {[%clk 0:02:51]}  c6 {[%clk 0:03:00]} 7. b5 {[%clk 0:02:50]}  d5 {[%clk 0:03:00]} 8. c5 {[%clk 0:02:51]}  Be6 {[%clk 0:02:56]} 9. a4 {[%clk 0:02:51]}  Nbd7 {[%clk 0:02:56]} 10. a5 {[%clk 0:02:51]}  a6 {[%clk 0:02:56]} 11. bxc6 {[%clk 0:02:48]}  bxc6 {[%clk 0:02:55]} 12. Nc3 {[%clk 0:02:45]}  Be7 {[%clk 0:02:52]} 13. Bb2 {[%clk 0:02:27]}  O-O {[%clk 0:02:52]} 14. Na4 {[%clk 0:02:27]}  Qc7 {[%clk 0:02:43]} 15. Nb6 {[%clk 0:02:26]}  Ra7 {[%clk 0:02:43]} 16. g3 {[%clk 0:02:25]}  g5 {[%clk 0:02:39]} 17. h4 {[%clk 0:02:11]}  h6 {[%clk 0:02:37]} 18. hxg5 {[%clk 0:02:02]}  hxg5 {[%clk 0:02:38]} 19. Be2 {[%clk 0:01:55]}  Kg7 {[%clk 0:02:38]} 20. Qc2 {[%clk 0:01:50]}  f4 {[%clk 0:02:27]} 21. gxf4 {[%clk 0:01:49]}  gxf4 {[%clk 0:02:28]} 22. O-O-O {[%clk 0:01:47]}  f3 {[%clk 0:02:26]} 23. Rdg1+ {[%clk 0:01:48]}  Kf7 {[%clk 0:02:26]} 24. Bxf3 {[%clk 0:01:47]}  Bf5 {[%clk 0:01:51]} 25. Bd1 {[%clk 0:01:24]}  Rg8 {[%clk 0:01:48]} 26. Nf1 {[%clk 0:01:23]}  Rxg1 {[%clk 0:01:42]} 27. Rxg1 {[%clk 0:01:23]}  Bg6 {[%clk 0:01:42]} 28. f4 {[%clk 0:01:17]}  Ng8 {[%clk 0:01:30]} 29. Qg2 {[%clk 0:01:15]}  Nf8 {[%clk 0:01:29]} 30. f5 {[%clk 0:01:08]}  Bxf5 {[%clk 0:01:17]} 31. Qxg8+ {[%clk 0:01:08]}  Ke8 {[%clk 0:01:17]} 32. Bh5+ {[%clk 0:01:04]}  Kd8 {[%clk 0:01:14]} 33. Ng3 {[%clk 0:00:53]}  Be6 {[%clk 0:01:14]} 34. Bf7 {[%clk 0:00:48]}  Bh3 {[%clk 0:01:06]} 35. Ne2 {[%clk 0:00:29]}  Qh2 {[%clk 0:01:04]} 36. Kd2 {[%clk 0:00:17]}  Bf5 {[%clk 0:00:54]} 37. Rf1 {[%clk 0:00:16]}  Bh3 {[%clk 0:00:52]} 38. Rg1 {[%clk 0:00:12]}  Bf5 {[%clk 0:00:51]} 39. Qg3 {[%clk 0:00:11]}  Qxg3 {[%clk 0:00:45]} 40. Nxg3 {[%clk 0:00:11]}  Bg4 {[%clk 0:00:44]} 41. Bh5 {[%clk 0:00:11]}  Bf3 {[%clk 0:00:41]} 42. Bxf3 {[%clk 0:00:10]}  exf3 {[%clk 0:00:42]} 43. Nf5 {[%clk 0:00:09]}  Bf6 {[%clk 0:00:39]} 44. Rf1 {[%clk 0:00:10]}  Ne6 {[%clk 0:00:40]} 45. Rxf3 {[%clk 0:00:09]}  Ng5 {[%clk 0:00:40]} 46. Rf1 {[%clk 0:00:08]}  Rh7 {[%clk 0:00:40]} 47. Kd3 {[%clk 0:00:06]}  Rh2 {[%clk 0:00:39]} 48. Bc1 {[%clk 0:00:07]}  Ne4 {[%clk 0:00:39]} 49. Nd6 {[%clk 0:00:06]}  Nf2+ {[%clk 0:00:35]} 50. Kc3 {[%clk 0:00:05]}  Bh4 {[%clk 0:00:27]} 51. Bd2 {[%clk 0:00:05]}  Ke7 {[%clk 0:00:21]} 52. Nf5+ {[%clk 0:00:05]}  Ke6 {[%clk 0:00:21]} 53. Nxh4 {[%clk 0:00:06]}  Ne4+ {[%clk 0:00:22]} 54. Kb4 {[%clk 0:00:05]}  Nxd2 {[%clk 0:00:18]} 55. Rd1 {[%clk 0:00:04]}  Ne4 {[%clk 0:00:13]} 56. Nf3 {[%clk 0:00:04]}  Rb2+ {[%clk 0:00:12]} 57. Ka3 {[%clk 0:00:04]}  Re2 {[%clk 0:00:12]} 58. Rd3 {[%clk 0:00:03]}  Nf2 {[%clk 0:00:11]} 59. Rb3 {[%clk 0:00:03]}  Nd1 {[%clk 0:00:10]} 60. Ne5 {[%clk 0:00:04]}  Nxe3 {[%clk 0:00:09]} 61. Nxc6 {[%clk 0:00:04]}  Nc2+ {[%clk 0:00:10]} 62. Ka4 {[%clk 0:00:05]}  Ne3 {[%clk 0:00:06]} 63. Nb4 {[%clk 0:00:05]}  Re1 {[%clk 0:00:04]} 64. c6 {[%clk 0:00:05]}  Ra1+ {[%clk 0:00:04]} 65. Ra3 {[%clk 0:00:06]}  Rc1 {[%clk 0:00:05]} 66. Nd7 {[%clk 0:00:04]}  Nc4 {[%clk 0:00:05]} 67. Ra2 {[%clk 0:00:04]}  Kd6 {[%clk 0:00:04]} 68. Nc5 {[%clk 0:00:04]}  Ne3 {[%clk 0:00:03]} 69. Nbxa6 {[%clk 0:00:04]}  Nc2 {[%clk 0:00:03]} 70. Kb5 {[%clk 0:00:03]}  Nxd4+ {[%clk 0:00:03]} 71. Kb6 {[%clk 0:00:03]}  Rb1+ {[%clk 0:00:03]} 72. Ka7 {[%clk 0:00:04]}  Nxc6+ {[%clk 0:00:03]} 73. Ka8 {[%clk 0:00:04]}  d4 {[%clk 0:00:03]} 74. Nb7+ {[%clk 0:00:04]}  Kd5 {[%clk 0:00:02]} 75. Nc7+ {[%clk 0:00:04]}  Kc4 {[%clk 0:00:02]} 76. a6 {[%clk 0:00:04]}  d3 {[%clk 0:00:02]} 77. a7 {[%clk 0:00:04]}  Nxa7 {[%clk 0:00:02]} 78. Kxa7 {[%clk 0:00:04]}  Kb3 {[%clk 0:00:03]} 79. Rh2 {[%clk 0:00:02]}  Ra1+ {[%clk 0:00:03]} 80. Kb8 {[%clk 0:00:02]}  Kc3 {[%clk 0:00:04]} 81. Nc5 {[%clk 0:00:03]}  d2 {[%clk 0:00:04]} 82. Ne4+ {[%clk 0:00:03]}  Kd3 {[%clk 0:00:05]} 83. Nxd2 {[%clk 0:00:03]}  Ra2 {[%clk 0:00:04]} 84. Kc8 {[%clk 0:00:03]}  Rxd2 {[%clk 0:00:04]} 85. Rxd2+ {[%clk 0:00:04]}  Kxd2 {[%clk 0:00:05]} 1/2-1/2

[Event "April 9 Early 2024"]
[Site "Chess.com"]
[Date "2024.04.09"]
[Round "4"]
[White "Rosh Jain"]
[Black "Skatchkov, Valery"]
[Result "0-1"]
[Board "117"]
[WhiteFideId "25789465"]
[BlackFideId "24195812"]
[WhiteTitle "FM"]
[BlackTitle "FM"]
[WhiteElo "2457"]
[BlackElo "2660"]
[WhiteTeam "IND"]
[BlackTeam "RUS"]
[WhiteClock "0:00:21"]
[BlackClock "0:00:08"]
[Variant "Standard"]

1. e4 {[%clk 0:03:00]}  e5 {[%clk 0:02:59]} 2. Nf3 {[%clk 0:02:58]}  d5 {[%clk 0:03:00]} 3. Nxe5 {[%clk 0:02:57]}  Bd6 {[%clk 0:03:00]} 4. d4 {[%clk 0:02:56]}  dxe4 {[%clk 0:03:00]} 5. Bc4 {[%clk 0:02:55]}  Bxe5 {[%clk 0:03:00]} 6. dxe5 {[%clk 0:02:56]}  Qxd1+ {[%clk 0:03:00]} 7. Kxd1 {[%clk 0:02:57]}  Nc6 {[%clk 0:03:01]} 8. Bb5 {[%clk 0:02:56]}  Ne7 {[%clk 0:03:01]} 9. Nc3 {[%clk 0:02:56]}  Bf5 {[%clk 0:03:01]} 10. Bg5 {[%clk 0:02:55]}  O-O {[%clk 0:02:08]} 11. Re1 {[%clk 0:02:22]}  a6 {[%clk 0:02:02]} 12. Bxc6 {[%clk 0:02:19]}  Nxc6 {[%clk 0:02:03]} 13. Nxe4 {[%clk 0:02:20]}  Nxe5 {[%clk 0:02:03]} 14. Ng3 {[%clk 0:02:09]}  Bg4+ {[%clk 0:01:57]} 15. f3 {[%clk 0:02:08]}  Bxf3+ {[%clk 0:01:57]} 16. Kc1 {[%clk 0:02:03]}  Bc6 {[%clk 0:01:43]} 17. Be7 {[%clk 0:02:01]}  f6 {[%clk 0:01:42]} 18. Bxf8 {[%clk 0:01:59]}  Kxf8 {[%clk 0:01:42]} 19. Re2 {[%clk 0:01:58]}  Rd8 {[%clk 0:01:34]} 20. b3 {[%clk 0:01:54]}  Rd4 {[%clk 0:01:10]} 21. Kb2 {[%clk 0:01:52]}  h5 {[%clk 0:01:08]} 22. Nxh5 {[%clk 0:01:50]}  Rh4 {[%clk 0:01:08]} 23. Ng3 {[%clk 0:01:48]}  Rxh2 {[%clk 0:01:08]} 24. Rg1 {[%clk 0:01:41]}  Kf7 {[%clk 0:01:02]} 25. Nf1 {[%clk 0:01:38]}  Rh5 {[%clk 0:00:48]} 26. Nd2 {[%clk 0:01:37]}  Rh2 {[%clk 0:00:46]} 27. a4 {[%clk 0:01:29]}  b6 {[%clk 0:00:44]} 28. Rf2 {[%clk 0:01:25]}  Ng4 {[%clk 0:00:42]} 29. Re2 {[%clk 0:01:20]}  Ne5 {[%clk 0:00:42]} 30. Kc3 {[%clk 0:01:15]}  a5 {[%clk 0:00:40]} 31. Nc4 {[%clk 0:01:11]}  Nf3 {[%clk 0:00:40]} 32. Rd1 {[%clk 0:01:03]}  Nh4 {[%clk 0:00:38]} 33. Rde1 {[%clk 0:01:02]}  Ng6 {[%clk 0:00:28]} 34. g3 {[%clk 0:00:58]}  Rh3 {[%clk 0:00:26]} 35. Re3 {[%clk 0:00:58]}  Bd5 {[%clk 0:00:26]} 36. Rd1 {[%clk 0:00:54]}  Be6 {[%clk 0:00:23]} 37. Rd8 {[%clk 0:00:39]}  Rh2 {[%clk 0:00:18]} 38. Rb8 {[%clk 0:00:38]}  Bxc4 {[%clk 0:00:19]} 39. bxc4 {[%clk 0:00:37]}  Ne5 {[%clk 0:00:15]} 40. Rb7 {[%clk 0:00:37]}  Rh1 {[%clk 0:00:12]} 41. Rxc7+ {[%clk 0:00:37]}  Kg6 {[%clk 0:00:12]} 42. Rb7 {[%clk 0:00:36]}  Rb1 {[%clk 0:00:12]} 43. Re7 {[%clk 0:00:36]}  Rb4 {[%clk 0:00:12]} 44. Re6 {[%clk 0:00:33]}  Kf5 {[%clk 0:00:11]} 45. Re7 {[%clk 0:00:32]}  g5 {[%clk 0:00:08]} 46. Re1 {[%clk 0:00:29]}  Rxa4 {[%clk 0:00:08]} 47. Rf1+ {[%clk 0:00:29]}  Kg6 {[%clk 0:00:07]} 48. Re6 {[%clk 0:00:28]}  Rxc4+ {[%clk 0:00:08]} 49. Kb3 {[%clk 0:00:28]}  Rb4+ {[%clk 0:00:07]} 50. Ka3 {[%clk 0:00:28]}  Nc4+ {[%clk 0:00:07]} 51. Ka2 {[%clk 0:00:27]}  Rb2+ {[%clk 0:00:07]} 52. Ka1 {[%clk 0:00:28]}  Rxc2 {[%clk 0:00:08]} 53. Rexf6+ {[%clk 0:00:28]}  Kh5 {[%clk 0:00:09]} 54. Rc6 {[%clk 0:00:26]}  b5 {[%clk 0:00:07]} 55. Rc5 {[%clk 0:00:24]}  b4 {[%clk 0:00:05]} 56. Rff5 {[%clk 0:00:23]}  Kg4 {[%clk 0:00:04]} 57. Rxg5+ {[%clk 0:00:22]}  Kh3 {[%clk 0:00:05]} 58. Rxa5 {[%clk 0:00:22]}  b3 {[%clk 0:00:05]} 59. Kb1 {[%clk 0:00:20]}  Rb2+ {[%clk 0:00:05]} 60. Kc1 {[%clk 0:00:20]}  Rc2+ {[%clk 0:00:05]} 61. Kb1 {[%clk 0:00:20]}  Nd2+ {[%clk 0:00:05]} 62. Ka1 {[%clk 0:00:21]}  b2+ {[%clk 0:00:06]} 63. Ka2 {[%clk 0:00:21]}  b1=Q+ {[%clk 0:00:07]} 64. Ka3 {[%clk 0:00:21]}  Ra2# {[%clk 0:00:08]} 0-1

[Event "April 9 Early 2024"]
[Site "Chess.com"]
[Date "2024.04.09"]
[Round "4"]
[White "Kuznecova, Marija"]
[Black "Nazari, Arad"]
[Result "0-1"]
[Board "120"]
[WhiteFideId "11618736"]
[BlackFideId "12577324"]
[WhiteTitle "WCM"]
[BlackTitle "IM"]
[WhiteElo "2445"]
[BlackElo "2654"]
[WhiteTeam "LAT"]
[BlackTeam "IRI"]
[WhiteClock "0:00:06"]
[BlackClock "0:00:43"]
[Variant "Standard"]

1. e4 {[%clk 0:02:59]}  c5 {[%clk 0:02:57]} 2. Nf3 {[%clk 0:02:59]}  d6 {[%clk 0:02:57]} 3. d4 {[%clk 0:02:58]}  cxd4 {[%clk 0:02:58]} 4. Nxd4 {[%clk 0:02:59]}  Nf6 {[%clk 0:02:59]} 5. Nc3 {[%clk 0:02:59]}  a6 {[%clk 0:03:00]} 6. Be3 {[%clk 0:02:59]}  Ng4 {[%clk 0:02:57]} 7. Bc1 {[%clk 0:02:56]}  Nc6 {[%clk 0:02:49]} 8. h3 {[%clk 0:02:48]}  Qb6 {[%clk 0:02:49]} 9. hxg4 {[%clk 0:02:30]}  Qxd4 {[%clk 0:02:45]} 10. Qe2 {[%clk 0:02:27]}  e6 {[%clk 0:02:30]} 11. Be3 {[%clk 0:02:21]}  Qb4 {[%clk 0:02:30]} 12. O-O-O {[%clk 0:02:20]}  Be7 {[%clk 0:02:21]} 13. f4 {[%clk 0:02:10]}  Bd7 {[%clk 0:02:19]} 14. g5 {[%clk 0:02:03]}  Rc8 {[%clk 0:02:18]} 15. Bd2 {[%clk 0:01:55]}  Qc5 {[%clk 0:01:58]} 16. Be3 {[%clk 0:01:34]}  Qa5 {[%clk 0:01:58]} 17. f5 {[%clk 0:01:17]}  Nb4 {[%clk 0:01:48]} 18. a3 {[%clk 0:00:21]}  Rxc3 {[%clk 0:01:47]} 19. bxc3 {[%clk 0:00:20]}  Na2+ {[%clk 0:01:47]} 20. Kb2 {[%clk 0:00:20]}  Nxc3 {[%clk 0:01:38]} 21. Qd2 {[%clk 0:00:20]}  Nxd1+ {[%clk 0:01:36]} 22. Qxd1 {[%clk 0:00:21]}  d5 {[%clk 0:01:35]} 23. Qd3 {[%clk 0:00:20]}  dxe4 {[%clk 0:01:29]} 24. Qb3 {[%clk 0:00:21]}  exf5 {[%clk 0:01:23]} 25. Bc4 {[%clk 0:00:19]}  O-O {[%clk 0:01:21]} 26. g6 {[%clk 0:00:18]}  hxg6 {[%clk 0:01:14]} 27. Bd4 {[%clk 0:00:18]}  f4 {[%clk 0:00:54]} 28. Qxb7 {[%clk 0:00:08]}  Bxa3+ {[%clk 0:00:51]} 29. Kb1 {[%clk 0:00:08]}  Qb4+ {[%clk 0:00:45]} 30. Qxb4 {[%clk 0:00:08]}  Bxb4 {[%clk 0:00:46]} 31. Bxa6 {[%clk 0:00:06]}  e3 {[%clk 0:00:43]} 0-1

[Event "April 9 Early 2024"]
[Site "Chess.com"]
[Date "2024.04.09"]
[Round "4"]
[White "Diaz Perez, Michel Alejandro"]
[Black "Rees, Ioan"]
[Result "0-1"]
[Board "123"]
[WhiteFideId "3517179"]
[BlackFideId "1801236"]
[WhiteTitle "IM"]
[BlackTitle "FM"]
[WhiteElo "2651"]
[BlackElo "2428"]
[WhiteTeam "CUB"]
[BlackTeam "WLS"]
[WhiteClock "0:00:18"]
[BlackClock "0:00:23"]
[Variant "Standard"]

1. e4 {[%clk 0:03:00]}  e5 {[%clk 0:02:57]} 2. Nf3 {[%clk 0:03:00]}  Nc6 {[%clk 0:02:56]} 3. Bc4 {[%clk 0:03:00]}  Bc5 {[%clk 0:02:55]} 4. c3 {[%clk 0:02:58]}  Nf6 {[%clk 0:02:53]} 5. b4 {[%clk 0:02:54]}  Bb6 {[%clk 0:02:36]} 6. d3 {[%clk 0:02:53]}  d5 {[%clk 0:02:32]} 7. exd5 {[%clk 0:02:52]}  Nxd5 {[%clk 0:02:33]} 8. O-O {[%clk 0:02:51]}  O-O {[%clk 0:02:32]} 9. a4 {[%clk 0:02:48]}  a6 {[%clk 0:02:29]} 10. Qb3 {[%clk 0:02:43]}  Nf6 {[%clk 0:02:19]} 11. h3 {[%clk 0:02:34]}  h6 {[%clk 0:02:15]} 12. Nbd2 {[%clk 0:02:28]}  Bf5 {[%clk 0:02:04]} 13. Qc2 {[%clk 0:02:26]}  Re8 {[%clk 0:02:02]} 14. Ne4 {[%clk 0:02:25]}  Nxe4 {[%clk 0:01:56]} 15. dxe4 {[%clk 0:02:26]}  Be6 {[%clk 0:01:56]} 16. Qb3 {[%clk 0:02:18]}  Qf6 {[%clk 0:01:52]} 17. Bxe6 {[%clk 0:02:15]}  Rxe6 {[%clk 0:01:52]} 18. Be3 {[%clk 0:02:14]}  Bxe3 {[%clk 0:01:43]} 19. fxe3 {[%clk 0:02:15]}  Qe7 {[%clk 0:01:44]} 20. b5 {[%clk 0:01:53]}  Na5 {[%clk 0:01:39]} 21. Qb4 {[%clk 0:01:53]}  axb5 {[%clk 0:01:25]} 22. axb5 {[%clk 0:01:51]}  b6 {[%clk 0:01:25]} 23. Rfd1 {[%clk 0:01:46]}  Rd8 {[%clk 0:01:20]} 24. Qxe7 {[%clk 0:01:21]}  Rxd1+ {[%clk 0:01:19]} 25. Rxd1 {[%clk 0:01:22]}  Rxe7 {[%clk 0:01:20]} 26. Rd8+ {[%clk 0:01:22]}  Kh7 {[%clk 0:01:19]} 27. h4 {[%clk 0:01:20]}  Nb3 {[%clk 0:01:17]} 28. Rd5 {[%clk 0:01:14]}  Nc5 {[%clk 0:01:04]} 29. Nxe5 {[%clk 0:01:01]}  Nxe4 {[%clk 0:01:03]} 30. Nc6 {[%clk 0:01:01]}  Re8 {[%clk 0:00:57]} 31. Rd7 {[%clk 0:01:02]}  Nd6 {[%clk 0:00:55]} 32. Rxc7 {[%clk 0:00:58]}  Nxb5 {[%clk 0:00:55]} 33. Rxf7 {[%clk 0:00:57]}  Rxe3 {[%clk 0:00:54]} 34. h5 {[%clk 0:00:54]}  Nxc3 {[%clk 0:00:53]} 35. Ne7 {[%clk 0:00:50]}  Rg3 {[%clk 0:00:41]} 36. Kh2 {[%clk 0:00:21]}  Rg5 {[%clk 0:00:41]} 37. g4 {[%clk 0:00:21]}  Rxg4 {[%clk 0:00:38]} 38. Kh3 {[%clk 0:00:22]}  Rg5 {[%clk 0:00:33]} 39. Kh4 {[%clk 0:00:22]}  Nd5 {[%clk 0:00:26]} 40. Ng6 {[%clk 0:00:19]}  Nf6 {[%clk 0:00:26]} 41. Nf8+ {[%clk 0:00:17]}  Kg8 {[%clk 0:00:26]} 42. Rxf6 {[%clk 0:00:17]}  gxf6 {[%clk 0:00:25]} 43. Ne6 {[%clk 0:00:18]}  b5 {[%clk 0:00:23]} 44. Nxg5 {[%clk 0:00:17]}  fxg5+ {[%clk 0:00:23]} 45. Kg4 {[%clk 0:00:18]}  b4 {[%clk 0:00:23]} 0-1

[Event "April 9 Early 2024"]
[Site "Chess.com"]
[Date "2024.04.09"]
[Round "4"]
[White "Rego, Vinicius V. de Almeida"]
[Black "Souleidis, Georgios"]
[Result "0-1"]
[Board "124"]
[WhiteFideId "2106485"]
[BlackFideId "4206827"]
[WhiteTitle "FM"]
[BlackTitle "IM"]
[WhiteElo "2394"]
[BlackElo "2649"]
[WhiteTeam "BRA"]
[BlackTeam "GRE"]
[WhiteClock "0:00:23"]
[BlackClock "0:00:21"]
[Variant "Standard"]

1. e4 {[%clk 0:03:00]}  c5 {[%clk 0:03:00]} 2. Nf3 {[%clk 0:03:00]}  e6 {[%clk 0:03:00]} 3. d4 {[%clk 0:02:58]}  cxd4 {[%clk 0:03:01]} 4. Nxd4 {[%clk 0:02:59]}  Nf6 {[%clk 0:03:01]} 5. Nc3 {[%clk 0:02:56]}  Nc6 {[%clk 0:03:01]} 6. a3 {[%clk 0:02:49]}  Be7 {[%clk 0:03:01]} 7. Be3 {[%clk 0:02:36]}  O-O {[%clk 0:03:00]} 8. f4 {[%clk 0:02:34]}  d6 {[%clk 0:03:00]} 9. Qd2 {[%clk 0:02:28]}  Qc7 {[%clk 0:03:00]} 10. O-O-O {[%clk 0:02:22]}  a6 {[%clk 0:02:59]} 11. Rg1 {[%clk 0:02:14]}  b5 {[%clk 0:02:35]} 12. Nxc6 {[%clk 0:02:10]}  Qxc6 {[%clk 0:02:33]} 13. g4 {[%clk 0:02:10]}  Rb8 {[%clk 0:02:14]} 14. e5 {[%clk 0:01:57]}  dxe5 {[%clk 0:02:11]} 15. fxe5 {[%clk 0:01:58]}  Nd7 {[%clk 0:01:57]} 16. Bg2 {[%clk 0:01:29]}  Qc7 {[%clk 0:01:55]} 17. Ne4 {[%clk 0:01:24]}  Nxe5 {[%clk 0:01:42]} 18. Bf4 {[%clk 0:01:23]}  Bb7 {[%clk 0:01:31]} 19. Qc3 {[%clk 0:01:12]}  Nd3+ {[%clk 0:01:18]} 20. Qxd3 {[%clk 0:01:03]}  Qxf4+ {[%clk 0:01:19]} 21. Kb1 {[%clk 0:00:59]}  Rfd8 {[%clk 0:01:16]} 22. Qe2 {[%clk 0:00:56]}  h6 {[%clk 0:00:39]} 23. h4 {[%clk 0:00:53]}  Bxh4 {[%clk 0:00:35]} 24. Rdf1 {[%clk 0:00:50]}  Qe5 {[%clk 0:00:33]} 25. g5 {[%clk 0:00:41]}  Bxg5 {[%clk 0:00:29]} 26. Qf3 {[%clk 0:00:26]}  Bxe4 {[%clk 0:00:27]} 27. Qxe4 {[%clk 0:00:22]}  Qxe4 {[%clk 0:00:27]} 28. Bxe4 {[%clk 0:00:23]}  Rd4 {[%clk 0:00:25]} 29. Bd3 {[%clk 0:00:23]}  Rbd8 {[%clk 0:00:24]} 30. Rf3 {[%clk 0:00:24]}  f5 {[%clk 0:00:23]} 31. Re1 {[%clk 0:00:23]}  R8d6 {[%clk 0:00:23]} 32. Re2 {[%clk 0:00:20]}  g6 {[%clk 0:00:24]} 33. b4 {[%clk 0:00:20]}  Kg7 {[%clk 0:00:24]} 34. Kb2 {[%clk 0:00:20]}  Kf6 {[%clk 0:00:24]} 35. Kc3 {[%clk 0:00:21]}  e5 {[%clk 0:00:25]} 36. Rf1 {[%clk 0:00:20]}  Bf4 {[%clk 0:00:22]} 37. Ref2 {[%clk 0:00:18]}  g5 {[%clk 0:00:22]} 38. Rg2 {[%clk 0:00:17]}  e4 {[%clk 0:00:22]} 39. Be2 {[%clk 0:00:17]}  Bd2+ {[%clk 0:00:20]} 40. Kb3 {[%clk 0:00:18]}  Bf4 {[%clk 0:00:21]} 41. Rh1 {[%clk 0:00:18]}  Kg7 {[%clk 0:00:20]} 42. c3 {[%clk 0:00:19]}  Rd2 {[%clk 0:00:21]} 43. Bf1 {[%clk 0:00:19]}  Rxg2 {[%clk 0:00:21]} 44. Bxg2 {[%clk 0:00:20]}  Rd2 {[%clk 0:00:21]} 45. Bf1 {[%clk 0:00:20]}  e3 {[%clk 0:00:21]} 46. a4 {[%clk 0:00:21]}  e2 {[%clk 0:00:21]} 47. Bxe2 {[%clk 0:00:20]}  Rxe2 {[%clk 0:00:21]} 48. axb5 {[%clk 0:00:21]}  axb5 {[%clk 0:00:22]} 49. Ra1 {[%clk 0:00:20]}  Re3 {[%clk 0:00:21]} 50. Ra7+ {[%clk 0:00:20]}  Kg6 {[%clk 0:00:21]} 51. Ra6+ {[%clk 0:00:20]}  Kh5 {[%clk 0:00:22]} 52. Rb6 {[%clk 0:00:21]}  Be5 {[%clk 0:00:22]} 53. Rxb5 {[%clk 0:00:21]}  Bxc3 {[%clk 0:00:22]} 54. Ka4 {[%clk 0:00:22]}  Bxb4 {[%clk 0:00:22]} 55. Rxf5 {[%clk 0:00:22]}  Be1 {[%clk 0:00:21]} 56. Rf1 {[%clk 0:00:22]}  Bg3 {[%clk 0:00:21]} 57. Rh1+ {[%clk 0:00:23]}  Kg6 {[%clk 0:00:21]} 58. Rd1 {[%clk 0:00:23]}  h5 {[%clk 0:00:21]} 59. Kb5 {[%clk 0:00:23]}  h4 {[%clk 0:00:21]} 0-1